00426 2200169 4500001002100000005001500021008004100036020001700077035001900094041000700113082001400120090002000134100002600154245002100180260003100201300002400232INLIS00000000000071120241224112222241224||||||||| | ||| |||| || |  a979-017-28-9 0010-1224000711 aid0 a297.431 1 a297.431 1 SHO i0 aM. Shodiq Mustika dkk00aIstikharah Cinta aJakartabQultumMediac2007 aviii,132 hlm.;19 cm